| 000 | 00912cam a22002533a 4500 | ||
|---|---|---|---|
| 001 | 17462 | ||
| 003 | PGUSA | ||
| 005 | 20140828083355.0 | ||
| 008 | 060104s2006||||xxu|||||s|||||000 | eng d | ||
| 040 |
_aPGUSA _beng |
||
| 042 | _adc | ||
| 050 | 4 | _aML | |
| 100 | 1 |
_aFerris, George T. _q(George Titus), _d1840- |
|
| 245 | 1 | 0 |
_aGreat Italian and French Composers _h[electronic resource] / _cGeorge T. Ferris |
| 260 |
_bProject Gutenberg, _c2006 |
||
| 505 | 0 | _aPalestrina -- Piccini, Paisiello, and Cimarosa -- Rossini -- Verdi -- Cherubini and his predecessors -- Méhul, Spontini, and Halévy -- Boïeldieu and Auber -- Meyerbeer -- Gounod and Thomas -- Berlioz. | |
| 506 | _aPublic domain in the USA. | ||
| 516 | _aElectronic text | ||
| 653 | _aMusicians -- Italy | ||
| 653 | _aMusicians -- France | ||
| 830 | 0 |
_aProject Gutenberg _v17462 |
|
| 856 | 4 | 0 | _uhttp://www.gutenberg.org/ebooks/17462 |
| 942 | _cEB | ||
| 999 |
_c246717 _d246717 |
||